MARC

LEADER 00000nam0a2200000 4500
001 312104
005 20231102002443.0
035 |a (RuTPU)RU\TPU\book\337471 
090 |a 312104 
100 |a 20151217d1967 km y0rusy50 ca 
101 0 |a rus 
102 |a RU 
105 |a a z 000zy 
200 1 |a Анализ хозяйственной деятельности металлургического завода  |f А. М. Вершинин 
210 |a Москва  |c Металлургия  |d 1967 
215 |a 288 с.  |c ил. 
606 1 |a Металлургические заводы  |x Анализ хозяйственной деятельности  |2 stltpush  |3 (RuTPU)RU\TPU\subj\42783  |9 62420 
610 1 |a анализ 
610 1 |a методы 
610 1 |a источники 
610 1 |a продукция 
610 1 |a реализация 
610 1 |a выпуск 
610 1 |a сортамент 
610 1 |a ритмичность 
610 1 |a основные фонды 
610 1 |a планирование 
610 1 |a текущий ремонт 
610 1 |a капитальный ремонт 
610 1 |a доменные печи 
610 1 |a мартеновские печи 
610 1 |a электросталеплавильные цехи 
610 1 |a труд 
610 1 |a заработная плата 
610 1 |a кадры 
610 1 |a себестоимость 
610 1 |a банковские кредиты 
675 |a 669.013:658.5  |v 4 
700 1 |a Вершинин  |b А. М.  |g Александр Максимович 
801 1 |a RU  |b 63413507  |c 20151217 
801 2 |a RU  |b 63413507  |c 20220617  |g RCR 
942 |c BK